[Event "EYg16"]
[Site "Herceg Novi SCG"]
[Date "2005.09.21"]
[Round "7"]
[White "Ivakhinova,I"]
[Black "Rakic,Ma"]
[Result "1/2-1/2"]
[WhiteElo "2215"]
[BlackElo "2057"]

1.d4 Nf6 2.Bg5 d5 3.e3 e6 4.c4 Be7 5.Nc3 O-O 6.Nf3 Nbd7 7.a3 c6 8.Qc2 Re8
9.Rd1 Nf8 10.Bd3 a6 11.Ne5 Qc7 12.O-O b5 13.Bf4 Qb6 14.c5 Qb7 15.h3 N6d7
16.b4 f6 17.Nxd7 Bxd7 18.e4 g6 19.Rc1 Rec8 20.Rfe1 Be8 21.Qe2 Ra7 22.Qf3 Qd7
23.Bb1 Bf7 24.h4 Re8 25.g3 Qd8 26.Re2 f5 27.exd5 exd5 28.Rce1 Bf6 29.Be5 Bxe5
30.Rxe5 Rae7  1/2-1/2

[Event "USCL"]
[Site "ICC INT"]
[Date "2005.09.21"]
[Round "4"]
[White "Vavrak,P"]
[Black "Hoekstra,M"]
[Result "1-0"]
[WhiteElo "2412"]
[BlackElo "2357"]

1.d4 Nf6 2.Bg5 c5 3.Bxf6 gxf6 4.d5 Qb6 5.Qc1 Bh6 6.e3 f5 7.Ne2 e5 8.Nd2 d6
9.Nc4 Qc7 10.a4 b6 11.Nc3 a6 12.Qd1 Rg8 13.Qh5 Rg6 14.g4 fxg4 15.Bd3 f5 16.Bxf5 Bxf5
17.Qxf5 Nd7 18.a5 b5 19.Nb6 Nxb6 20.axb6 Qxb6 21.Rg1 Ke7 22.Rxg4 Rag8 23.Rg3 b4
24.Ne4 c4 25.Nf6 Rxf6 26.Qxh7+ Rg7 27.Rxg7+ Bxg7 28.Qxg7+ Rf7 29.Qg5+ Kf8
30.Qh6+ Rg7 31.Ke2 Kg8 32.Qe6+ Kh7 33.Qh3+  1-0

[Event "Geller mem Open A"]
[Site "Odessa UKR"]
[Date "2005.09.21"]
[Round "7"]
[White "Korobkov,P"]
[Black "Malaniuk,V"]
[Result "1/2-1/2"]
[WhiteElo "2400"]
[BlackElo "2513"]

1.d4 Nf6 2.Bg5 d5 3.e3 c6 4.Bxf6 exf6 5.c4 dxc4 6.Bxc4 Bd6 7.Nc3 O-O 8.Nf3 f5
9.O-O Nd7 10.Qc2 Nf6 11.a3 Qc7 12.Bd3 g6 13.Rfe1 Be6 14.g3 Rae8 15.Bf1 Bc8  1/2-1/2

[Event "ProMoPro Open"]
[Site "Prague CZE"]
[Date "2005.09.23"]
[Round "9"]
[White "Forman,M"]
[Black "Blumel,O"]
[Result "1/2-1/2"]
[WhiteElo "2048"]
[BlackElo "2251"]

1.d4 d5 2.Bg5 Nf6 3.Nd2 Nbd7 4.Ngf3 g6 5.e3 Bg7 6.Bd3 O-O 7.Qe2 c5 8.c3 Qb6
9.Rb1 Re8 10.O-O e5 11.dxe5 Nxe5 12.Nxe5 Rxe5 13.Bxf6 Qxf6 14.f4 Re7 15.c4 dxc4
16.Nxc4 Qh4 17.Rbe1 b5 18.Ne5 Bxe5 19.fxe5 c4 20.Qf3 Bb7 21.Qf6 Qxf6 22.exf6 Rd7
23.Bc2 Kf8 24.Rd1 Rad8 25.g4 Rxd1 26.Rxd1 Rxd1+ 27.Bxd1 g5 28.Bc2 h6 29.Bf5 Ke8
30.Kf2  1/2-1/2

[Event "Open A"]
[Site "Hamburg GER"]
[Date "2005.10.01"]
[Round "1"]
[White "Berg,K"]
[Black "Schirmer,W"]
[Result "1-0"]
[WhiteElo "2402"]
[BlackElo "2061"]

1.d4 Nf6 2.Bg5 g6 3.Bxf6 exf6 4.e3 Bg7 5.c4 O-O 6.Nc3 d6 7.g3 f5 8.Bg2 Nd7
9.Nge2 Nf6 10.O-O Re8 11.Qc2 c6 12.b4 Be6 13.Qd3 d5 14.cxd5 Nxd5 15.b5 Rc8
16.bxc6 Rxc6 17.Rfc1 Qa5 18.Nxd5 Rxc1+ 19.Rxc1 Bxd5 20.Bxd5 Qxd5 21.Rc7 g5
22.Qb3 Qxb3 23.axb3 b5 24.Rc5 b4 25.Rxf5 h6 26.Rb5 Bf8 27.d5 Rc8 28.Nd4 Rc3
29.Rb8  1-0

[Event "Open A"]
[Site "Hamburg GER"]
[Date "2005.10.01"]
[Round "1"]
[White "Reddmann,H"]
[Black "Buchholz,R"]
[Result "1-0"]
[WhiteElo "2319"]
[BlackElo "2016"]

1.d4 Nf6 2.Bg5 d5 3.Bxf6 exf6 4.e3 Bd6 5.c4 O-O 6.Nc3 dxc4 7.Bxc4 c6 8.Nge2 Qa5
9.Ng3 b5 10.Bb3 f5 11.O-O b4 12.Na4 Nd7 13.Qf3 Bxg3 14.hxg3 Nb6 15.Nxb6 Qxb6
16.Rfc1 Bb7 17.Qxf5 Rac8 18.Rc5 Rc7 19.Rac1 g6 20.Qf6 Rfc8 21.d5 h6 22.d6 Rd7
23.Qxg6+  1-0

[Event "IX Itau Cup"]
[Site "Sao Paulo BRA"]
[Date "2005.10.01"]
[Round "1"]
[White "Moron,C"]
[Black "Limp,E"]
[Result "1-0"]
[WhiteElo "1924"]
[BlackElo "2447"]

1.d4 Nf6 2.Bg5 d5 3.Bxf6 exf6 4.e3 c5 5.Nf3 Nc6 6.Be2 Qb6 7.b3 Be6 8.O-O Rd8
9.c3 Be7 10.Nbd2 O-O 11.dxc5 Qxc5 12.Rc1 Qa3 13.Qc2 Rc8 14.Qb1 Rfd8 15.Nd4 Nxd4
16.exd4 a6 17.f4 f5 18.g4 g6 19.Bd3 fxg4 20.f5 gxf5 21.Bxf5 Qd6 22.Bxh7+ Kg7
23.Bf5 Rh8 24.Rf2 Bg5 25.Qd3 Rh3 26.Qe2 g3 27.Qg4 gxf2+ 28.Kf1 Bxf5 29.Qxf5 Qg6
30.Qxh3 Bxd2 31.Rd1 Qg1+ 32.Ke2 Qe1+  1-0

[Event "Open A"]
[Site "Hamburg GER"]
[Date "2005.10.02"]
[Round "2"]
[White "Fraas,H"]
[Black "Meyer,Fa"]
[Result "1-0"]
[WhiteElo "2125"]
[BlackElo "2320"]

1.d4 Nf6 2.Bg5 g6 3.Bxf6 exf6 4.g3 h5 5.Qd3 d5 6.Nf3 c6 7.Nh4 b6 8.Nd2 Ba6
9.Qc3 Bd6 10.O-O-O f5 11.e4 dxe4 12.Bxa6 Nxa6 13.Qxc6+ Kf8 14.a3 Kg7 15.Nc4 Be7
16.Ng2 Rc8 17.Qa4 Nb4 18.Nge3 Nd5 19.Qxa7 b5 20.Nxd5 Bg5+ 21.Kb1 Rxc4 22.Qb7 h4
23.Qxb5 Rc8 24.Rhe1 Qd6 25.c4 hxg3 26.hxg3 Rh2 27.Qb6 Rc6 28.Qb5 Rxf2 29.Rh1 Rc8
30.Qb7 Rxb2+ 31.Qxb2 Rxc4 32.Qh2 Qb8+ 33.Ka1 Qg8 34.g4 f4 35.Nxf4 Ra4 36.Ka2 e3
37.Nd5 Ra7 38.Rc1 Rd7 39.Nf6  1-0

[Event "Bygger'n Masters"]
[Site "Gausdal NOR"]
[Date "2005.10.03"]
[Round "3"]
[White "Svensen,T"]
[Black "Silseth,S"]
[Result "1/2-1/2"]
[WhiteElo "2112"]
[BlackElo "2328"]

1.d4 Nf6 2.Bg5 c5 3.d5 Qb6 4.Nc3 Qxb2 5.Bd2 Qb6 6.e4 d6 7.f4 e6 8.Bb5+ Bd7
9.dxe6 fxe6 10.Bc4 Nc6 11.Rb1 Qc7 12.Nf3 a6 13.a4 Nd4 14.O-O O-O-O 15.Kh1 Be7
16.Be3 d5 17.exd5 exd5 18.Bxd5 Bc6 19.Bxc6 Nxc6 20.Qc1 Rhe8 21.Qb2 Bd6 22.Bg1 Nb4
23.f5 Ng4 24.Rbe1 Ne5 25.Ng5 Nc4 26.Qc1 Rxe1  1/2-1/2

[Event "Bygger'n Masters"]
[Site "Gausdal NOR"]
[Date "2005.10.03"]
[Round "3"]
[White "Seret,JL"]
[Black "Hauchard,A"]
[Result "1/2-1/2"]
[WhiteElo "2391"]
[BlackElo "2483"]

1.d4 Nf6 2.Bg5 d5 3.Bxf6 exf6 4.e3 Bd6 5.c4 dxc4 6.Bxc4 O-O 7.Nc3 c5 8.dxc5 Be5
9.Qxd8 Bxc3+ 10.bxc3 Rxd8 11.Nf3 Be6 12.Bxe6 fxe6 13.Rb1 Na6 14.Rxb7 Nxc5
15.Rc7 Rdc8 16.Rxc8+ Rxc8 17.Ke2 Ne4 18.Rc1 Rxc3 19.Rxc3 Nxc3+ 20.Kd3 Nxa2
21.Kc4 e5 22.Nd2 Kf7 23.Kb3 Nc1+ 24.Kc2 Na2 25.Kb3  1/2-1/2

[Event "Wch-Seniors"]
[Site "Lignano Sabbiadoro ITA"]
[Date "2005.10.03"]
[Round "6"]
[White "Zilahi,G"]
[Black "Maissenbacher,W"]
[Result "1/2-1/2"]
[WhiteElo "2117"]
[BlackElo "1981"]

1.d4 d5 2.Bg5 Nf6 3.Bxf6 exf6 4.e3 Bd6 5.c4 dxc4 6.Bxc4 O-O 7.Nc3 c6 8.Qc2 Qe7
9.Nge2 Nd7 10.O-O-O Nb6 11.Bd3 h6 12.Ng3 a5 13.Nge4 Nd5 14.a3 Bd7 15.Qe2 Nxc3
16.Nxc3 b5 17.Ne4 a4 18.Bc2 b4 19.Nc5 bxa3 20.bxa3 Rfb8 21.Qd3 g6 22.Qc4 Be6
23.Qc3 Bb3 24.Rd3 Rb5 25.Nxb3 Bxa3+ 26.Kd1 axb3 27.Bxb3 Qb7 28.Kc2 Bb4  1/2-1/2

[Event "FSIMB October"]
[Site "Budapest HUN"]
[Date "2005.10.04"]
[Round "4"]
[White "Hoang Tri"]
[Black "Lengyel,B"]
[Result "0-1"]
[WhiteElo "2214"]
[BlackElo "2276"]

1.d4 d5 2.Bg5 Nf6 3.Bxf6 gxf6 4.e3 e6 5.Nd2 c5 6.dxc5 Bxc5 7.Qh5 f5 8.Ngf3 Qf6
9.O-O-O Nc6 10.Qg5 Be7 11.Qxf6 Bxf6 12.Nb3 b6 13.Bb5 Bb7 14.Nfd4 Rc8 15.Bxc6+ Bxc6
16.Nxc6 Rxc6 17.Nd4 Rc5 18.f4 Rg8 19.g3 Ke7 20.c3 Rc4 21.Kd2 a6 22.Rc1 h5
23.Rhg1 Kd6 24.Kd3 Rc7 25.Kd2 Rcc8 26.Rg2 b5 27.a3 Rc7 28.Kd3 Rgc8 29.Rcc2 Rh8
30.Rg1 Rcc8 31.h3 Rh6 32.Rcg2 Rg8 33.Ke2 Rhg6 34.Kf3 Kc5 35.Nb3+ Kb6 36.Nd4 a5
37.Rc1 Rc8 38.Rgc2 Rgg8 39.b4 Bxd4 40.exd4 axb4 41.cxb4 Rc4 42.Rxc4 dxc4
43.Rc3 Kc6 44.g4 hxg4+ 45.hxg4 Rxg4 46.Re3 Rh4 47.Re5 Rh3+ 48.Ke2 Rd3 49.Rc5+ Kb6
50.a4 bxa4 51.Rxc4 Rb3 52.Kd2 a3 53.Kc2 a2 54.Kxb3 a1=Q 55.Kc2 Qf1  0-1

[Event "FSIMB October"]
[Site "Budapest HUN"]
[Date "2005.10.06"]
[Round "6"]
[White "Hoang Tri"]
[Black "Khadempour,F"]
[Result "1-0"]
[WhiteElo "2214"]
[BlackElo "2192"]

1.d4 Nf6 2.Bg5 d5 3.Bxf6 exf6 4.e3 Be6 5.g3 c6 6.Bg2 Qb6 7.b3 a5 8.a4 Na6
9.Ne2 Bd6 10.O-O O-O 11.Nd2 Rfd8 12.c3 Bf8 13.Re1 Rac8 14.Nf4 f5 15.Rb1 Qc7
16.Nd3 c5 17.Nf3 b6 18.Qe2 Nb8 19.Ng5 h6 20.Nxe6 fxe6 21.Nf4 Rd6 22.Nxe6 Qd7
23.Nf4 cxd4 24.cxd4 g5 25.Nd3 Bg7 26.Rbc1 Nc6 27.Rc2 Re8 28.Qd2 Kh8 29.Rec1 Ree6
30.Nc5 bxc5 31.dxc5 Nb4 32.cxd6 Nxc2 33.Rxc2 Rxd6 34.Qxa5 d4 35.exd4 Rxd4
36.h3 Rd1+ 37.Kh2 Qd3 38.Rc5 Qxb3 39.Qa8+ Kh7 40.Bd5 Qb2 41.Bg8+ Kg6 42.Qe8+ Kf6
43.Rc6+  1-0

[Event "Open A"]
[Site "Hamburg GER"]
[Date "2005.10.06"]
[Round "6"]
[White "Fries Nielsen,JO"]
[Black "Gebhardt,Ul"]
[Result "1/2-1/2"]
[WhiteElo "2381"]
[BlackElo "2182"]

1.d4 Nf6 2.Bg5 c5 3.Bxf6 gxf6 4.d5 Qb6 5.Qc1 f5 6.c4 Bg7 7.Nc3 d6 8.e3 Nd7
9.Qc2 Ne5 10.h3 Bd7 11.f4 Ng6 12.Nf3 e5 13.dxe6 fxe6 14.Bd3 Bc6 15.Ng5 Nf8
16.O-O h6 17.Nxe6 Nxe6 18.Bxf5 Ke7 19.Nd5+ Bxd5 20.cxd5 Nf8 21.Rab1 Qc7 22.e4 Re8
23.Rbd1 Kd8 24.e5 Nd7 25.Be6 dxe5 26.d6 Qc6 27.Qg6 Rxe6 28.Qxe6 Re8 29.Qg6 Bh8
30.fxe5 Nxe5 31.Qxh6 Rg8 32.Rf8+ Rxf8 33.Qxf8+ Qe8 34.Qf5 Qf7 35.Qe4 Nc6
36.Qh4+ Bf6 37.Qf4 Qe6 38.Rf1 Bd4+ 39.Kh1 Kd7 40.Qf8 Qxd6 41.Qf7+ Ne7 42.b3 Qg3
43.Rf3 Qe1+ 44.Rf1 Qg3 45.Rf3 Qe1+  1/2-1/2

[Event "Open A"]
[Site "Hamburg GER"]
[Date "2005.10.07"]
[Round "5"]
[White "Ivanisevic,I"]
[Black "Thielsch,N"]
[Result "1-0"]
[WhiteElo "2588"]
[BlackElo "2347"]

1.d4 Nf6 2.Bg5 g6 3.Bxf6 exf6 4.e4 Bg7 5.c3 Qe7 6.Bd3 d5 7.Qe2 dxe4 8.Qxe4 Qxe4+
9.Bxe4 O-O 10.Nd2 f5 11.Bd3 Re8+ 12.Ne2 b6 13.O-O Bb7 14.Nc4 Nd7 15.a4 Rad8
16.Rfd1 a6 17.Nc1 Nf6 18.Nb3 Bf8 19.Bf1 Ne4 20.g3 h5 21.Bg2 Bd5 22.Nbd2 Nxd2
23.Nxd2 f4 24.Bxd5 Rxd5 25.Re1 Rxe1+ 26.Rxe1 fxg3 27.hxg3 Kg7 28.Kg2 Rd8
29.Nc4 b5 30.Na5 bxa4 31.Ra1 c5 32.dxc5 Bxc5 33.Nb7 Rd5 34.Rxa4 Be7 35.b4 Rd7
36.Na5 Rc7 37.c4 h4 38.gxh4 Bxh4 39.c5 Bf6 40.Nc4 Rc6 41.Nb6 Bc3 42.Nd5 Be5
43.Ra2 f6 44.f4 Bd4 45.Kf3 f5 46.Rd2 Bf6 47.Nb6 Bc3 48.Rd7+ Kh6 49.Nd5 Bf6
50.Rf7 Bh4 51.Rc7 Re6 52.Rb7 Bd8 53.Rb8 Bf6 54.Rb6 Rxb6 55.cxb6 Bd4 56.b7 Ba7
57.Ne7  1-0

[Event "Open A"]
[Site "Hamburg GER"]
[Date "2005.10.07"]
[Round "7"]
[White "Reddmann,H"]
[Black "Czaeczine,A"]
[Result "1/2-1/2"]
[WhiteElo "2319"]
[BlackElo "2186"]

1.d4 Nf6 2.Bg5 g6 3.Bxf6 exf6 4.e3 Bg7 5.Nf3 d5 6.c4 dxc4 7.Bxc4 O-O 8.Nc3 c6
9.O-O Nd7 10.Rc1 Nb6 11.Bb3 Re8 12.h3 f5 13.Ne2 Nd5 14.Bxd5 Qxd5 15.b3 Qa5
16.Qc2 Be6 17.Nf4 Rad8 18.Rfd1 Bd5 19.Nxd5 Rxd5 20.Qb1 Qb4 21.g3 Qe7 22.b4 Bf8
23.a3 a5 24.Rc5 Qe4 25.Rxd5 Qxd5 26.Ne1 axb4 27.axb4 Ra8 28.Rd2 Ra3 29.Rd3 Ra4
30.Rb3 Ra1 31.Qxa1 Qxb3 32.Qa8 Qb1 33.Kf1 Kg7 34.Qxb7 Bxb4 35.Kg2 Qxe1 36.Qxc6 Qc3
37.Qd5 Qc7 38.h4 Qe7 39.Kf3 h5 40.Qc6 Qe4+ 41.Qxe4 fxe4+ 42.Kxe4 Kf6 43.Kf4 Ke6
44.e4 Bd2+ 45.Kf3 f5 46.Ke2 Bc3 47.Kd3 Ba5 48.Ke3 fxe4 49.Kxe4 Bc7 50.Kf3 Kf5
51.d5 Bd8 52.Kg2 Ke4 53.f3+ Ke3 54.d6 Bf6 55.d7 Bd8 56.f4 Ke4 57.Kh3 Kf5
58.Kg2 Kg4 59.Kh2 Kf5 60.Kg2 Kg4 61.Kh2 Kf5 62.Kg2 Ke6 63.Kf3 Kxd7 64.g4 hxg4+
65.Kxg4 Ke6 66.h5 gxh5+  1/2-1/2

[Event "Vojvodina Quality League"]
[Site "Pancevo SCG"]
[Date "2005.10.07"]
[Round "7"]
[White "Visnjic,D"]
[Black "Indjic,S"]
[Result "1-0"]
[WhiteElo "2168"]
[BlackElo "1982"]

1.d4 Nf6 2.Bg5 d5 3.Bxf6 exf6 4.e3 c6 5.Bd3 Bd6 6.Nd2 O-O 7.c4 Be6 8.Qc2 g6
9.a3 f5 10.g3 a5 11.c5 Be7 12.b3 b5 13.Ne2 Nd7 14.O-O-O Nf6 15.f3 Qc7 16.Nf4 Rad8
17.Rdg1 Kh8 18.h3 Ne8 19.g4 Ng7 20.h4 Qd7 21.Be2 fxg4 22.fxg4 f5 23.g5 Bf7
24.Nf3 Ne6 25.Ne5 Qe8 26.Nxe6 Bxe6 27.h5 Bf7 28.hxg6 Bxg6 29.Rh6 Kg7 30.Bd3 Rc8
31.Qh2 Rh8 32.Qf4 Bd8 33.Bxf5 Bc7 34.Bxc8 Bxe5 35.dxe5 Rf8 36.Qd4 Qxc8 37.e6+ Kg8
38.Rxg6+ hxg6 39.Rh1 Qxe6 40.Qh8+ Kf7 41.Rf1+  1-0

[Event "2nd Bundesliga Ost 2005-6"]
[Site "Austria AUT"]
[Date "2005.10.08"]
[Round "1"]
[White "Brustkern,J"]
[Black "Weissenbeck,M"]
[Result "1/2-1/2"]
[WhiteElo "2236"]
[BlackElo "2278"]

1.d4 Nf6 2.Bg5 c5 3.d5 Qb6 4.Nc3 Qxb2 5.Bd2 Qb6 6.e4 d6 7.f4 e6 8.Rb1 Qc7
9.Bb5+ Nbd7 10.dxe6 fxe6 11.Nf3 a6 12.Ng5 axb5 13.Nxe6 Qc6 14.Nd5 Ra4 15.O-O Rg8
16.Bc3 h6 17.Rxb5 Be7 18.Nec7+ Kf8 19.Bxf6  1/2-1/2

[Event "2nd Bundesliga West 2005-6"]
[Site "Austria AUT"]
[Date "2005.10.08"]
[Round "1"]
[White "Sucher,J"]
[Black "Eiler,G"]
[Result "1-0"]
[WhiteElo "2228"]
[BlackElo "2096"]

1.d4 Nf6 2.Bg5 g6 3.Nc3 d5 4.f3 Bg7 5.e4 dxe4 6.fxe4 O-O 7.Qd2 c6 8.O-O-O b5
9.e5 b4 10.exf6 bxc3 11.Qxc3 exf6 12.Bf4 Be6 13.Nf3 Qd5 14.b3 Rc8 15.Qd2 g5
16.Bg3 Bf5 17.Bc4 Qd7 18.Qa5 Be4 19.Rhe1 Bg6 20.Re2 Bf8 21.d5 c5 22.Bb5 Qf5
23.Bd3 Qd7 24.Bxg6 hxg6 25.c4 Qf5 26.Nd2 Nd7 27.Ne4 g4 28.Rde1 Re8 29.Rf2 Qh5
30.Qc7 Rad8 31.Qxd7 Rxe4 32.Qxd8 Rxe1+ 33.Kd2 Ra1 34.Bd6 Rxa2+ 35.Ke3 Qh6+
36.Bf4 g5 37.Bd6 Rxf2 38.Kxf2 Qg6 39.Qxf8+ Kh7 40.Qe7 Qc2+ 41.Qe2 Qf5+ 42.Ke3 Kg7
43.Bxc5  1-0

[Event "Belgrade Premier League"]
[Site "Belgrade SCG"]
[Date "2005.10.08"]
[Round "8"]
[White "Tatisic,M"]
[Black "Marinkovic,Sl"]
[Result "0-1"]
[WhiteElo "2260"]
[BlackElo "2409"]

1.d4 Nf6 2.Bg5 d5 3.Bxf6 exf6 4.e3 Bd6 5.Bd3 f5 6.g3 Be6 7.Qf3 g6 8.h4 Nd7
9.Nh3 Nf6 10.Nf4 Qe7 11.Nc3 c6 12.O-O-O O-O-O 13.Nce2 Kb8 14.Kb1 Bc8 15.Rhe1 h6
16.Nc1 g5 17.Nfe2 Rhg8 18.hxg5 hxg5 19.Qg2 Rde8 20.Qf1 Qc7 21.Nc3 Ne4 22.N1e2 f6
23.a3 Re7 24.Qg2 Rge8 25.Bxe4 fxe4 26.Rh1 Bg4 27.Rh6 Rf7 28.Qh2 Qe7 29.Ka2 Rg8
30.Rb1 Rgg7 31.Rh8+ Kc7 32.Ra8 Rh7 33.Qg1 a6  0-1

[Event "TCh-FIN 2005-6"]
[Site "Jyvaskyla FIN"]
[Date "2005.10.08"]
[Round "3"]
[White "Franssila,T"]
[Black "Salokangas,H"]
[Result "0-1"]
[WhiteElo "2275"]
[BlackElo "2171"]

1.d4 Nf6 2.Bg5 c5 3.d5 Qb6 4.Nc3 Qxb2 5.Bd2 Qb6 6.e4 d6 7.f4 Nbd7 8.Bc4 g6
9.Qe2 Qc7 10.Nf3 a6 11.e5 Ng4 12.Ng5 Ndxe5 13.fxe5 Nxe5 14.a4 Bg7 15.Nf3 Bg4
16.h3 Bd7 17.O-O O-O 18.Ra3 Nxc4 19.Qxc4 b5 20.Qh4 b4 21.Bh6 bxa3 22.Bxg7 Kxg7
23.Qxe7 Rae8 24.Qh4 f6 25.Nd2 c4 26.Nde4 Bf5 27.Qf4 Re5 28.g4 Bxe4 29.Nxe4 Qa7+
30.Kg2 Qd4 31.Re1 f5 32.gxf5 Rfxf5 33.Qh4 a2  0-1

[Event "TCh-BEL 2005-6"]
[Site "Belgium BEL"]
[Date "2005.10.09"]
[Round "1"]
[White "Wirig,A"]
[Black "Smits,Mar"]
[Result "1-0"]
[WhiteElo "2415"]
[BlackElo "2259"]

1.d4 Nf6 2.Bg5 g6 3.Bxf6 exf6 4.e3 d5 5.c4 dxc4 6.Bxc4 Bd6 7.Nf3 O-O 8.Nc3 Nd7
9.O-O Nb6 10.Bb3 c6 11.e4 Bg4 12.h3 Bxf3 13.Qxf3 Kg7 14.Rad1 Qc7 15.a3 Rad8
16.g3 a6 17.Kg2 c5 18.Nd5 Nxd5 19.Bxd5 cxd4 20.Rxd4 Qb6 21.Rd3 Rd7 22.Rb3 Qa7
23.Rc1 Re8 24.Rc2 Rde7 25.Qc3 h5 26.h4 Rd8 27.Qa5 Rdd7 28.Rd3 Bc7 29.Qd2 Bb8
30.Rc8 Rc7 31.Rh8 Kxh8 32.Qh6+ Kg8 33.Qxg6+ Kf8 34.Qh6+ Kg8 35.Qg6+ Kf8 36.Qh6+ Kg8
37.Bxf7+ Kxf7 38.Rd6 Rc8 39.Qh7+ Kf8 40.Qh8+ Kf7 41.Rxf6+  1-0

[Event "FSIMB October"]
[Site "Budapest HUN"]
[Date "2005.10.10"]
[Round "10"]
[White "Hoang Tri"]
[Black "Pachow,J"]
[Result "1/2-1/2"]
[WhiteElo "2214"]
[BlackElo "2311"]

1.d4 Nf6 2.Bg5 c5 3.Nc3 cxd4 4.Qxd4 Nc6 5.Qh4 e6 6.O-O-O Be7 7.e4 h6 8.f4 Rg8
9.Bxf6 Bxf6 10.Qg3 Bxc3 11.Qxc3 Qf6 12.Qe3 g5 13.g3 gxf4 14.gxf4 b6 15.e5 Qe7
16.Nf3 Bb7 17.Bd3 O-O-O 18.Be4 d5 19.exd6 Rxd6 20.Rxd6 Qxd6 21.Rd1 Qc5 22.Qxc5  1/2-1/2

[Event "TCh-CZE Extraliga 2005-6"]
[Site "Czech Rep CZE"]
[Date "2005.10.15"]
[Round "?"]
[White "Pisk,P"]
[Black "Cerveny,M"]
[Result "0-1"]
[WhiteElo "2345"]
[BlackElo "2226"]

1.d4 Nf6 2.Bg5 c5 3.d5 Qb6 4.Nc3 h6 5.Bd2 d6 6.e4 a6 7.a4 Qc7 8.a5 g6 9.Nf3 Bg4
10.Be2 Bxf3 11.gxf3 Nbd7 12.f4 Bg7 13.Rg1 c4 14.Ra4 b5 15.axb6 Nxb6 16.Ra5 Nbd7
17.Ra2 Nc5 18.Bf3 Nfd7 19.Qe2 Nb6 20.Kf1 Rb8 21.Be3 O-O 22.Qd2 Kh7 23.f5 Rg8
24.Rg3 g5 25.h4 Be5 26.hxg5 Bxg3 27.fxg3 hxg5 28.Bxg5 Rxg5 29.Qxg5 Rg8 30.Qf4 Nbd7
31.Qh4+ Kg7 32.Qxe7 Qb8 33.Kg2 Ne5 34.Ne2 c3 35.Nxc3 Rh8 36.Ne2 Qb4 37.Qg5+ Kf8
38.Qd8+ Kg7 39.f6+ Kh7 40.Qxd6 Re8 41.c3 Qc4 42.b3 Qd3 43.Qxc5 Qxf3+ 44.Kg1 Ng4
45.d6 Re5 46.Qa7 Kh6 47.Nf4 Qxg3+ 48.Ng2 Rh5 49.Kf1 Rh1+ 50.Ke2 Qxg2+ 51.Kd3 Qf1+  0-1

[Event "TCh-CZE Extraliga 2005-6"]
[Site "Czech Rep CZE"]
[Date "2005.10.15"]
[Round "1"]
[White "Cifka,S"]
[Black "Blazkova,P"]
[Result "1-0"]
[WhiteElo "2315"]
[BlackElo "2271"]

1.d4 Nf6 2.Bg5 c5 3.Bxf6 gxf6 4.d5 Qb6 5.Qc1 f5 6.c3 Bh6 7.Qc2 Qf6 8.e3 d6
9.g3 Nd7 10.Nd2 Bg7 11.Nh3 h5 12.Be2 Ne5 13.Nf4 h4 14.Nh5 Rxh5 15.Bxh5 Qh6
16.Bf3 Nxf3+ 17.Nxf3 hxg3 18.Qa4+ Bd7 19.Qh4 gxf2+ 20.Kxf2 O-O-O 21.Qxh6 Bxh6
22.h4 f4 23.e4 Bg4 24.Rag1 Bh5 25.Rg2 Bg6 26.Ng5 Rh8 27.h5 Bxg5 28.hxg6 Rxh1
29.g7 Bh4+ 30.Kf3 Rf1+ 31.Kg4 f3 32.g8=Q+ Kc7 33.Kxh4 fxg2 34.Qxg2 Rf6 35.Qe2 Rh6+
36.Kg4 Rg6+ 37.Kf4 Rf6+ 38.Ke3 Rh6 39.Qg4 Rf6 40.Qg8 Rf1 41.Qe8 Re1+ 42.Kf3 Rf1+
43.Ke2 e6 44.Kxf1  1-0

[Event "Chigorin Mem"]
[Site "St Petersburg RUS"]
[Date "2005.10.15"]
[Round "1"]
[White "Ionov,S"]
[Black "Shapovalenko,M"]
[Result "1/2-1/2"]
[WhiteElo "2522"]
[BlackElo "2227"]

1.d4 Nf6 2.Bg5 g6 3.Bxf6 exf6 4.c4 Bg7 5.Nc3 O-O 6.e3 d6 7.g3 c5 8.Bg2 cxd4
9.Qxd4 Nc6 10.Qd2 Bf5 11.Nge2 Ne5 12.b3 Nd3+ 13.Kf1 Nc5 14.Rd1 Re8 15.h3 h5
16.Kg1 Rc8 17.Kh2 a6 18.Rhf1 Qa5 19.Nd5 Qa3 20.Nd4 Bd3 21.Rfe1 Be4 22.Bxe4 Nxe4
23.Qe2 f5 24.Kg2 Rc5 25.Rd3 Rcc8 26.b4 Qa4 27.Nb6 Qxb4 28.Rb3 Qc5 29.Nxc8 Rxc8
30.Nf3 Qxc4 31.Rxb7 Qd5 32.Rb3 Nc5 33.Rd1 Qc6 34.Rb4 Ne4 35.Rf1 g5 36.Qd3 g4
37.hxg4 hxg4 38.Nd4 Bxd4 39.Qxd4 Nd2+ 40.e4 Nxf1 41.Kxf1 Qc1+ 42.Kg2 Qh6
43.Rc4 Re8 44.Qd1 Qe6 45.Rd4 fxe4 46.Rxd6 Qf5 47.Qd5 Qxd5 48.Rxd5 e3 49.Kf1 exf2
50.Rg5+ Kf8 51.Rxg4 Re3 52.Ra4 Rxg3 53.Rxa6 Rf3 54.Rb6  1/2-1/2

[Event "31st Guernsey Open"]
[Site "Cobo Bay GCI"]
[Date "2005.10.16"]
[Round "1"]
[White "Collier,D"]
[Black "Wiecker,S"]
[Result "1-0"]
[WhiteElo "2122"]
[BlackElo "1981"]

1.d4 Nf6 2.Bg5 c5 3.Bxf6 gxf6 4.d5 Qb6 5.Qc1 Bg7 6.g3 d6 7.Bg2 f5 8.c3 Nd7
9.Nf3 Nf6 10.Nh4 O-O 11.Nd2 Bd7 12.O-O Qc7 13.Qc2 e6 14.Rad1 Rad8 15.e4 fxe4
16.Nxe4 Nxd5 17.Rxd5 exd5 18.Ng5 f5 19.Bxd5+ Kh8 20.Qd1 Bh6 21.Qh5 Bxg5 22.Ng6+ Kg7
23.Nxf8 Rxf8 24.Qxg5+ Kh8 25.Re1  1-0

[Event "Chigorin Mem"]
[Site "St Petersburg RUS"]
[Date "2005.10.17"]
[Round "3"]
[White "Akimov,I"]
[Black "Tarasova,V"]
[Result "1/2-1/2"]
[WhiteElo "2434"]
[BlackElo "2255"]

1.d4 Nf6 2.Bg5 g6 3.Bxf6 exf6 4.Nd2 Bg7 5.e3 d6 6.g3 f5 7.Ne2 Nd7 8.Bg2 O-O
9.O-O Nf6 10.c4 c6 11.b4 Bd7 12.a4 Qc7 13.Qb3 Rab8 14.Rac1 b6 15.Rfd1 a5
16.b5 c5 17.dxc5 dxc5 18.Nc3 Be6 19.Bc6 Rbd8 20.Qc2 h5 21.Nd5 Nxd5 22.cxd5 Bxd5
23.Bxd5 Rxd5 24.Nc4 Rfd8 25.Rxd5 Rxd5 26.Rd1 Rd8 27.Rxd8+ Qxd8 28.Qe2 Bf6
29.Kg2 Qd5+ 30.Kg1 Bd8 31.Qd2 Qxd2 32.Nxd2 f6 33.Kf1 Kf7 34.Ke2 Ke6 35.Kd3 Kd5
36.Nc4 Be7 37.f3 g5 38.f4 Bd8 39.Nd2 Bc7 40.Nc4 Bd8 41.Nb2 Bc7 42.h4 g4 43.Nc4 Bd8  1/2-1/2

[Event "Femida w"]
[Site "Kharkiv UKR"]
[Date "2005.10.18"]
[Round "3"]
[White "Maiko,J"]
[Black "Doluhanova,E"]
[Result "0-1"]
[WhiteElo "2195"]
[BlackElo "2270"]

1.d4 d5 2.Bg5 Nf6 3.Nd2 g6 4.Bxf6 exf6 5.e3 Nc6 6.c3 Bg7 7.h3 Ne7 8.Qf3 Qd6
9.Bd3 Bf5 10.e4 dxe4 11.Bxe4 O-O 12.Ne2 Bh6 13.Ng3 Qe6 14.Kd1 Bxd2 15.Kxd2 Qb6
16.Kc2 Bd7 17.Rae1 f5 18.Bd3 Bc6 19.Qf4 Nd5 20.Qg5 Ba4+ 21.Kc1 Qf6 22.h4 Rae8
23.Qxf6 Nxf6 24.Kd2 Ng4 25.f3 Nf2 26.Rhf1 Nxd3 27.Kxd3 Kg7 28.Kd2 Kf6 29.Rxe8 Rxe8
30.Re1 Rd8 31.b3 Bc6 32.Kd3 b6 33.c4 Bb7 34.Kc3 h6 35.Ne2 g5 36.hxg5+ hxg5  0-1

[Event "31st Guernsey Open"]
[Site "Cobo Bay GCI"]
[Date "2005.10.20"]
[Round "5"]
[White "Collier,D"]
[Black "De Kruif,K"]
[Result "0-1"]
[WhiteElo "2122"]
[BlackElo "2054"]

1.d4 Nf6 2.Bg5 d5 3.Bxf6 exf6 4.e3 Bd6 5.c4 dxc4 6.Bxc4 O-O 7.Nc3 c6 8.Qh5 Be6
9.Bd3 g6 10.Qh6 Re8 11.Nge2 Bf8 12.Qf4 Nd7 13.O-O-O Nb6 14.e4 Bg7 15.h4 h5
16.Kb1 Rc8 17.f3 Qc7 18.Qe3 f5 19.e5 Rcd8 20.Nf4 Qe7 21.g4 fxg4 22.Nxe6 Qxe6
23.Ne4 Nd5 24.Qd2 Ne7 25.Nd6 Rf8 26.Bc4 Nd5 27.Nxb7 Rb8 28.Nc5 Qf5+ 29.Bd3 Qxf3
30.Nd7 Ne3 31.Rde1 Bh6 32.Qe2 Qf4 33.Nxf8 Rxf8 34.e6 fxe6 35.Bxg6 Qxd4 36.Rc1 Rb8
37.Rhd1 Nxd1 38.Rxd1 Rxb2+  0-1

[Event "Open A"]
[Site "Liberec CZE"]
[Date "2005.10.23"]
[Round "2"]
[White "Karhanek,P"]
[Black "Bandt,J"]
[Result "1-0"]
[WhiteElo "2263"]
[BlackElo "2045"]

1.d4 Nf6 2.Bg5 c5 3.Bxf6 gxf6 4.d5 d6 5.c4 Bf5 6.Nc3 e5 7.e4 Bg6 8.Bd3 Nd7
9.h4 h5 10.Nge2 Bh6 11.Ng3 a6 12.O-O Qb6 13.Rb1 Ke7 14.a3 Rhg8 15.b4 Qc7
16.Na4 b5 17.cxb5 c4 18.Be2 axb5 19.Nc3 Qb6 20.a4 Bf4 21.a5 Qd4 22.Nxb5 Qxd1
23.Rbxd1 Bxg3 24.fxg3 Bxe4 25.Kh2 f5 26.Nc3 Bc2 27.Rd2 Bd3 28.Bxd3 cxd3 29.Rxf5 Rg4
30.b5 Nc5 31.a6 Rc4 32.Rdf2 Rf8 33.a7 Nd7 34.Rxf7+ Rxf7 35.Rxf7+ Kxf7 36.a8=Q Rxc3
37.Qa7 Ke7 38.Qf2 Kd8 39.Qd2 Rb3 40.Qd1 Rc3 41.Qxh5 Rc2 42.b6 Rc3 43.Qh8+ Ke7
44.Qg7+ Kd8 45.Qg8+ Ke7 46.h5 Nxb6 47.h6 Rc8 48.Qe6+  1-0

[Event "Open A"]
[Site "Arco HUN"]
[Date "2005.10.26"]
[Round "5"]
[White "Muha,Z"]
[Black "Russo,C"]
[Result "1-0"]
[WhiteElo "2112"]
[BlackElo "1728"]

1.d4 Nf6 2.Bg5 c5 3.d5 Qa5+ 4.c3 c4 5.Bxf6 exf6 6.e4 b5 7.Nd2 Bd6 8.a4 O-O
9.axb5 Qxb5 10.Nxc4 Bc7 11.Bd3 Re8 12.Ne2 f5 13.Nd6 Qc5 14.Nxe8 fxe4 15.Nxc7 exd3
16.Nxa8 Qxd5 17.O-O Bb7 18.Nf4 Qc6 19.Rxa7 Bxa8 20.Qxd3 g5 21.Rxa8 Qxa8 22.Nd5 Kg7
23.Qd4+ Kg8 24.Re1 Nc6 25.Qg4 h6 26.Re8+ Qxe8 27.Nf6+ Kf8 28.Nxe8 Kxe8 29.b4 Ne7
30.b5 f5 31.Qh5+ Kd8 32.Qxh6 Nd5 33.b6  1-0

[Event "Essent Open"]
[Site "Hoogeveen NED"]
[Date "2005.10.26"]
[Round "6"]
[White "Dogge,M"]
[Black "Brandenburg,D"]
[Result "0-1"]
[WhiteElo "2168"]
[BlackElo "2395"]

1.d4 Nf6 2.Bg5 d5 3.Bxf6 exf6 4.e3 Bd6 5.c4 dxc4 6.Bxc4 O-O 7.Nc3 c6 8.Nf3 f5
9.h4 Nd7 10.Qc2 Nf6 11.Rd1 Qe7 12.O-O g6 13.Rfe1 Ne4 14.Bd3 Re8 15.a3 Be6
16.Ne2 Bd5 17.Nf4 Bxf4 18.exf4 Qc7 19.Ne5 f6 20.Bc4 Bxc4 21.Qxc4+ Kg7 22.Nd3 Rad8
23.f3 Nd6 24.Qc5 b6 25.Qc1 Rxe1+ 26.Rxe1 Nb5 27.Nb4 Nxd4 28.Qe3 c5 29.Na6 Qf7
30.b4 c4 31.Rd1 Qe6 32.Qxe6 Nxe6 33.Rc1 Rc8 34.b5 Nxf4 35.Rc2 Nd5 36.Kf2 Kf7
37.Nb4 Nxb4 38.axb4 f4 39.Ke2 Ke6 40.Kd2 g5 41.Kc3 Rc7 42.Re2+ Kf5 43.Rd2 gxh4
44.Rd5+ Kg6 45.Rd4 Kg5 46.Rd8 h3 47.Rg8+ Kf5 48.gxh3 Re7 49.Rd8 Re3+ 50.Kxc4 Rxf3
51.Rd5+ Ke6 52.Rh5 Re3 53.Kd4 Re5  0-1